漢字2文字、読み2文字の駅名 - Statistics

General Stats
  • This quiz has been taken 415 times
  • The average score is 82 of 343
Answer Stats
Answer % Correct
厚狭
62%
安芸
60%
佐賀
59%
千葉
57%
戸田(埼玉県)
56%
戸田(愛知県)
56%
野田(阪神)
56%
戸田(山口県)
56%
野田(JR)
56%
粟生
54%
小野(長野県)
54%
小野(滋賀県)
54%
小野(京都府)
54%
小野(兵庫県)
54%
小野(長崎県)
54%
小田(岡山県)
52%
小田(島根県)
52%
佐野
50%
奈良
49%
久喜
47%
阿蘇
46%
宇部
46%
日野(東京都)
46%
日野(長野県)
46%
日野(滋賀県)
46%
和田
46%
三田
45%
水戸
45%
伊奈
44%
井野(群馬県)
44%
井野(千葉県)
44%
宇野
44%
古河
44%
伊野(とさでん)
42%
宇佐
42%
江田(福島県)
42%
江田(神奈川県)
42%
伊野(JR)
42%
尾久
41%
加須
41%
蘇我
41%
矢田(愛知県)
41%
矢田(大阪府)
41%
志木
40%
野木
40%
伊賀
39%
宇土
39%
頴娃
39%
加茂(新潟県)
39%
加茂(三重県)
39%
加茂(京都府)
39%
津田
39%
木津(京都府)
38%
木津(兵庫県)
38%
古賀
38%
茅野
38%
宇治(京阪)
37%
宇治(JR)
37%
恵那
36%
志賀
36%
瀬田(滋賀県)
36%
瀬田(熊本県)
36%
多気
36%
田野(高知県)
36%
田野(宮崎県)
36%
与野
36%
男鹿
35%
加太
35%
木田
35%
須磨
35%
多田(栃木県)
35%
多田(兵庫県)
35%
田奈
35%
鳥羽
35%
矢野
35%
小城
34%
都賀
34%
和気
34%
飯井
33%
可児
33%
加美
33%
木場
33%
久慈
33%
日田
33%
布田
33%
岐阜
32%
富士
32%
佐久
31%
和邇
31%
紀伊
30%
鳥栖
30%
野洲
30%
和木
30%
宇美
29%
五井
29%
国府
29%
三木
29%
八尾
29%
八木
29%
矢部
29%
和戸
29%
石原
28%
佐和
28%
志茂
28%
膳所
28%
瀬野
28%
多磨
28%
厚保
27%
可部
27%
志津
27%
瀬戸
27%
曽根(大阪府)
27%
曽根(兵庫県)
27%
多久
27%
智頭
27%
都農
27%
土呂
27%
那加
27%
根津
27%
逗子
26%
戸部
26%
乃木
26%
矢賀
26%
谷津
26%
座間
25%
柘植
25%
那岐
25%
摩耶
25%
谷保
25%
和知
25%
河辺
24%
木戸
24%
木野
24%
玖珂
24%
久地
24%
高麗
24%
土気
24%
仁木
24%
氷見
24%
布施
24%
保田(千葉県)
24%
保田(福井県)
24%
谷峨
24%
江見
23%
府中
23%
羽場(長野県)
23%
羽場(岐阜県)
23%
阿木
22%
安部
22%
安和
22%
揖斐
22%
賀田
22%
紀和
22%
玖波
22%
佐屋
22%
諏訪
22%
野間
22%
土師
22%
波田
22%
日出
22%
目出
22%
由比
22%
阿曽
21%
揖屋
21%
有年
21%
古見(愛知県)
21%
古見(岡山県)
21%
佐古
21%
那智
21%
比良(愛知県)
21%
比良(滋賀県)
21%
布佐
21%
由宇
21%
井出
20%
江波
20%
江尾
20%
邑久
20%
加治
20%
喜多
20%
木見
20%
佐用
20%
志度
20%
瀬谷
20%
田子
20%
名和(愛知県)
20%
名和(鳥取県)
20%
野江
20%
美祢
20%
六田
20%
養父
20%
遊佐
20%
安登
19%
井戸
19%
小江
19%
飫肥
19%
下呂
19%
御所
19%
古里
19%
須賀
19%
隅田
19%
多良
19%
奈古
19%
三津
19%
由岐
19%
由良
19%
貴志
18%
古座
18%
古井
18%
胡麻
18%
佐奈
18%
志井(小倉線)
18%
志紀
18%
須恵
18%
根雨
18%
長谷(神奈川県)
18%
長谷(兵庫県)
18%
壬生
18%
牟岐
18%
湯江
18%
志井(JR)
18%
有珠
17%
九鬼
17%
仁万
17%
喜志
16%
木与
16%
久世
16%
須佐
16%
洗馬
16%
知和
16%
奈多
16%
新井
16%
能瀬
16%
半家
16%
葉多
16%
埴生
16%
富貴
16%
逸見
16%
弥刀
16%
門司
16%
柚須
16%
余呉
16%
和佐
16%
尾奈
15%
加勢
15%
木岐
15%
儀保
15%
佐津
15%
多屋
15%
千代
15%
通津
15%
土井
15%
能生
15%
比奈
15%
府屋
15%
箕田
15%
三輪
15%
武佐(北海道)
15%
武佐(滋賀県)
15%
牟礼
15%
女鹿
15%
毛呂
15%
伊保
14%
伊里
14%
嘉瀬
14%
久米
14%
御油
14%
土居
14%
新居
14%
波子
14%
芳養
14%
馬路
14%
油木
14%
鹿渡
13%
賀茂
13%
吉舎
13%
西院
13%
志久
13%
須津
13%
野馳
13%
武庫
13%
八津
13%
利府
13%
多度
12%
野芥
12%
日宇
12%
馬田
12%
妻鹿
12%
弓削
12%
由仁
12%
湯野
12%
江木
11%
恵良
11%
賀来
11%
加斗
11%
気賀
11%
久手
11%
佐里
11%
寺家
11%
田儀
11%
伊達
11%
千路
11%
葉木
11%
波根
11%
比津
11%
日羽
11%
撫養
11%
八家
11%
余部
11%
岐波
10%
巣子
10%
津古
10%
津谷
10%
波瀬
10%
比延
10%
別府(兵庫県)
10%
別府(福岡県)
10%
目名
10%
毛賀
9%
周布
9%
須屋
9%
出戸
9%
戸手
9%
丹生
9%
仁保
9%
根知
9%
野矢
9%
仏子
9%
富戸
9%
御井
9%
夜須
9%
有家
8%
鹿児
8%
五知
8%
比土
8%
吉礼
7%
下馬
7%
古部
7%
地名
7%
唐湊
7%
名手
7%
野志
7%
三会
7%
保見
6%
No matching quizzes found
Score Distribution
Percent of People with Each Score
Percentile by Number Answered
Your Score History
You have not taken this quiz